000 00229nam a22001097a 4500
082 _a808.3 PRE'H
100 _aPREBBLE, JOHN
_979410
245 _aTHE HIGH GIRDERS
260 _aLONDON
_bPAN
_c1956
300 _a188P
942 _cBK
999 _c584454
_d584454